| 000 | 00417nam a2200181Ia 4500 | ||
|---|---|---|---|
| 001 | 14120 | ||
| 005 | 20260306164851.0 | ||
| 008 | 260306t1979||||xx |||||||||||||| ||spa|| | ||
| 041 | _aESP | ||
| 082 |
_a500 _bA174A |
||
| 100 |
_aAsimov, Isaac _eAUT |
||
| 245 | 0 | _aIntroducción a la ciencia | |
| 260 | _c1979 | ||
| 300 |
_a836 páginas : _c18 cm. |
||
| 650 | _aGEN | ||
| 654 | _aCCN | ||
| 942 |
_cLIB _dJUS _fJUS _2ddc _n |
||
| 999 |
_c14120 _d14120 |
||